Alle Ballon d'Or Nominierten 2025 - Statistiken

Allgemein
  • Dieses Quiz wurde 172 mal gespielt
  • Das Durchschnittsergebnis liegt bei 20 aus 30
Antwortstatistiken
Spieler Verein % Korrekt
Kylian Mbappé Real Madrid
93%
Ousmane Dembélé Paris Saint-Germain
90%
Harry Kane Bayern München
87%
Lamine Yamal FC Barcelona
87%
Florian Wirtz Bayer Leverkusen, FC Liverpool
85%
Vinícius Júnior Real Madrid
84%
Erling Haaland Manchester City
83%
Mohamed Salah FC Liverpool
82%
Lautaro Martínez Inter Milan
77%
Serhou Guirassy Borussia Dortmund
76%
Michael Olise Bayern München
74%
Jude Bellingham Real Madrid
73%
Vitinha Paris Saint-Germain
73%
Raphinha FC Barcelona
71%
Victor Gyökeres Sporting CP, Arsenal
71%
Cole Palmer FC Chelsea
66%
Virgil van Dijk FC Liverpool
65%
Achraf Hakimi Paris Saint-Germain
64%
Désiré Doué Paris Saint-Germain
64%
Pedri FC Barcelona
61%
Robert Lewandowski FC Barcelona
61%
Khvicha Kvaratskhelia FC Napoli, Paris Saint-Germain
57%
Nuno Mendes Paris Saint-Germain
56%
João Neves Paris Saint-Germain
54%
Declan Rice Arsenal
51%
Gianluigi Donnaruma Paris Saint-Germain
50%
Alexis Mac Allister FC Liverpool
33%
Scott McTominay FC Napoli
33%
Denzel Dumfries Inter Milan
30%
Fabián Ruiz Paris Saint-Germain
30%
Keine übereinstimmenden Quizze gefunden
Verteilung der Resultate
Anzahl Personen mit jedem Resultat
Perzentil nach korrekt beantworteten Fragen
Ihre Resultats-Entwicklung
Sie haben dieses Quiz noch nicht gespielt